Immunology (Record no. 16656)
[ view plain ]
| 000 -LEADER | |
|---|---|
| fixed length control field | 00334nam a22001457a 4500 |
| 003 - CONTROL NUMBER IDENTIFIER | |
| control field | OSt |
| 005 - DATE AND TIME OF LATEST TRANSACTION | |
| control field | 20170105103447.0 |
| 008 - FIXED-LENGTH DATA ELEMENTS--GENERAL INFORMATION | |
| fixed length control field | 131204t xxu||||| |||| 00| 0 eng d |
| 020 ## - INTERNATIONAL STANDARD BOOK NUMBER | |
| International Standard Book Number | 978-0-323-03399-2 |
| 040 ## - CATALOGING SOURCE | |
| Transcribing agency | ASAB |
| 100 ## - MAIN ENTRY--PERSONAL NAME | |
| Personal name | David Male |
| 9 (RLIN) | 385 |
| 245 ## - TITLE STATEMENT | |
| Title | Immunology |
| 250 ## - EDITION STATEMENT | |
| Edition statement | 7th Ed. |
| Remainder of edition statement | International Edition |
| 942 ## - ADDED ENTRY ELEMENTS (KOHA) | |
| Source of classification or shelving scheme | |
| Koha item type | Book |
| Withdrawn status | Lost status | Source of classification or shelving scheme | Damaged status | Not for loan | Permanent Location | Current Location | Date acquired | Total Checkouts | Full call number | Barcode | Date last seen | Date last checked out | Price effective from | Koha item type |
|---|---|---|---|---|---|---|---|---|---|---|---|---|---|---|
| Atta-ur-Rahman School of Applied Biosciences (ASAB) | Atta-ur-Rahman School of Applied Biosciences (ASAB) | 10/28/2014 | 1 | 616.07 MAL | ASAB1274 | 03/22/2017 | 10/28/2014 | 10/28/2014 | Book | |||||
| Atta-ur-Rahman School of Applied Biosciences (ASAB) | Atta-ur-Rahman School of Applied Biosciences (ASAB) | 10/20/2014 | 1 | 616.07 MAL | ASAB1272 | 03/22/2017 | 10/20/2014 | 10/20/2014 | Book | |||||
| Atta-ur-Rahman School of Applied Biosciences (ASAB) | Atta-ur-Rahman School of Applied Biosciences (ASAB) | 05/14/2014 | 616.07 MAL | ASAB1273 | 05/14/2014 | 05/14/2014 | Book | |||||||
| Atta-ur-Rahman School of Applied Biosciences (ASAB) | Atta-ur-Rahman School of Applied Biosciences (ASAB) | 01/02/2014 | 2 | 616.07 MAL | ASAB1270 | 03/29/2016 | 10/12/2015 | 01/02/2014 | Book | |||||
| Atta-ur-Rahman School of Applied Biosciences (ASAB) | Atta-ur-Rahman School of Applied Biosciences (ASAB) | 12/04/2013 | 1 | 616.07 MAL | ASAB1271 | 10/04/2016 | 10/04/2016 | 12/04/2013 | Book |
